ბათუმის შოთა რუსთაველის სახელმწიფო უნივერსიტეტის ბიბლიოთეკა

დაცალცაკება დასუსტებაა...; ვინც წარსულს ივიწყებს, ის მომავალზედაც ხელს იღებს; ყველანი სიკვდილის შვილები ვართ (ბიბ.ჩანაწერი № 48805)

000 -LEADER
fixed length control field 01262nam a2200217Ia 4500
001 - CONTROL NUMBER
control field 15707
003 - CONTROL NUMBER IDENTIFIER
control field GE_BSU
008 - FIXED-LENGTH DATA ELEMENTS--GENERAL INFORMATION
fixed length control field 181216s||||||||xx |||||||||||||| ||und||
040 ## - CATALOGING SOURCE
Transcribing agency GE_BSU
080 ## - UNIVERSAL DECIMAL CLASSIFICATION NUMBER
Universal Decimal Classification number 821.353.1.092
100 ## - MAIN ENTRY--PERSONAL NAME
Personal name წერეთელი, ა. (აკაკი, 1840-1915)
245 ## - TITLE STATEMENT
Title დაცალცაკება დასუსტებაა...; ვინც წარსულს ივიწყებს, ის მომავალზედაც ხელს იღებს; ყველანი სიკვდილის შვილები ვართ
245 ## - TITLE STATEMENT
Statement of responsibility, etc. შემდგ.: გივი ბოჯგუა.რედ. ე. პოლოლიკაშვილი. ნ. ჭყოიძე
260 ## - PUBLICATION, DISTRIBUTION, ETC.
Place of publication, distribution, etc. თბილისი
260 ## - PUBLICATION, DISTRIBUTION, ETC.
Name of publisher, distributor, etc. განათლება
260 ## - PUBLICATION, DISTRIBUTION, ETC.
Date of publication, distribution, etc. 1991.
300 ## - PHYSICAL DESCRIPTION
Extent 160 გვ. ; 20 სმ.
653 ## - INDEX TERM--UNCONTROLLED
Uncontrolled term დაცალცაკება დასუსტებაა...; ვინც წარსულს ივიწყებს, ის მომავალზედაც ხელს იღებს; ყველანი სიკვდილის შვილები ვართ
653 ## - INDEX TERM--UNCONTROLLED
Uncontrolled term ქართველი მწერლები;
942 ## - ADDED ENTRY ELEMENTS (KOHA)
Koha item type წიგნი
ეგზემპლარები
Withdrawn status Lost status Damaged status Not for loan Date acquired Barcode Date last seen Price effective from Koha item type
        2018-12-17 38888 2018-12-17 2018-12-17 წიგნი